Honda par Honda

保存先:
書誌詳細
第一著者: Honda, Soichiro
フォーマット: 図書
言語:Undetermined
出版事項: [Paris] Stock 1979
主題:
タグ: タグ追加
タグなし, このレコードへの初めてのタグを付けませんか!
Thư viện lưu trữ: Trung tâm Học liệu Trường Đại học Cần Thơ
LEADER 00499nam a2200193Ia 4500
001 CTU_95031
008 210402s9999 xx 000 0 und d
082 |a 338.8 
082 |b S683 
100 |a Honda, Soichiro 
245 0 |a Honda par Honda 
245 0 |c Soichiro Honda, Thierry de Beaucé, Christian Polak 
260 |a [Paris] 
260 |b Stock 
260 |c 1979 
650 |a Corporations 
650 |x Japan 
904 |i Ngoc 
980 |a Trung tâm Học liệu Trường Đại học Cần Thơ